| Tag |
First Indicator |
Second Indicator |
Subfields |
| LEADER |
00000cgm a2200000 i 4500 |
| 001 |
in00005607466 |
| 006 |
m o c |
| 007 |
vz mzazzu |
| 007 |
cr mna|||ana|| |
| 008 |
130614s2012 cau098 o vleng d |
| 005 |
20241214204558.8 |
| 035 |
|
|
|a (OCoLC)ocn847968119
|
| 040 |
|
|
|a UCW
|b eng
|e rda
|c UCW
|d OCLCA
|d NJT
|d DON
|d WAU
|d OCLCA
|d OCLCQ
|d OCLCO
|d IAY
|d OCLCF
|d OCLCA
|d CNCEN
|d ALSTP
|d VVJ
|d OCLCO
|d WAU
|d OCLCO
|d CJT
|d OCLCL
|d OCLCQ
|d NUI
|d OCLCO
|
| 019 |
|
|
|a 882910759
|a 1373495001
|a 1430834228
|a 1443985973
|a 1453720947
|
| 035 |
|
|
|a (OCoLC)847968119
|z (OCoLC)882910759
|z (OCoLC)1373495001
|z (OCoLC)1430834228
|z (OCoLC)1443985973
|z (OCoLC)1453720947
|
| 041 |
0 |
|
|h eng
|
| 043 |
|
|
|a n-us---
|
| 046 |
|
|
|k 2012
|2 edtf
|
| 050 |
|
4 |
|a UB418.W65
|b I585 2012
|
| 082 |
0 |
4 |
|a 355.1334
|
| 049 |
|
|
|a TXAM
|
| 245 |
0 |
4 |
|a The Invisible war /
|c Girls Club Entertainment ; Chain Camera Pictures and Regina Kulik Scully and Jennifer Siebel Newsom present ; in association with Rise Films and ITVS, Fork Films, Cuomo Cole Productions, Canal Plus ; produced by Tanner King Barklow, Amy Ziering ; written and directed by Kirby Dick.
|
| 257 |
|
|
|a United States
|2 naf
|
| 264 |
|
1 |
|a [Sausalito, Calif.] :
|b Roco Films Educational,
|c [2012]
|
| 300 |
|
|
|a 1 online resource (1 video file (98 min.)) :
|b sound, color with black and white sequences
|
| 306 |
|
|
|a 013739
|
| 336 |
|
|
|a two-dimensional moving image
|b tdi
|2 rdacontent
|
| 337 |
|
|
|a computer
|b c
|2 rdamedia
|
| 338 |
|
|
|a online resource
|b cr
|2 rdacarrier
|
| 340 |
|
|
|g polychrome
|2 rdacc
|
| 340 |
|
|
|g color
|
| 344 |
|
|
|a digital
|2 rdatr
|
| 344 |
|
|
|i sound
|2 rdasco
|
| 347 |
|
|
|a video file
|2 rdaft
|
| 380 |
|
|
|a Motion pictures
|2 lcgft
|
| 490 |
0 |
|
|a Academic Video Online
|
| 546 |
|
|
|a In English.
|
| 508 |
|
|
|a Cinematography, Thaddeus Wadleigh and Kirsten Johnson ; editors, Doug Blush and Derek Boonstra.
|
| 500 |
|
|
|a Originally broadcast as a segment of: Independent lens in 2012.
|
| 588 |
0 |
|
|a Description based on DVD version; title from title frames (viewed January 20, 2017).
|
| 520 |
|
|
|a "Casualties of war rage beyond the battlefield. As ranks of women in the American military swell, so do incidents of rape. An estimated 30 percent of servicewomen and at least 1 percent of servicemen are sexually assaulted during their enlistment, not by the enemy, but at the hands of fellow soldiers. With stark clarity and escalating revelations, The Invisible War exposes a rape epidemic in the armed forces, investigating the institutions that perpetuate it as well as its profound personal and social consequences."--Distributor's website (http://www.rocoeducational.com/film.php?filmID=INW).
|
| 511 |
0 |
|
|a Interviewers, Amy Ziering, Kirby Dick.
|
| 586 |
|
|
|a Nominated 2013 Academy Awards, Best Documentary, Features
|
| 586 |
|
|
|a Nominated 2013 Directors Guild of America Award, Outstanding Directorial Achievement in Documentary
|
| 586 |
|
|
|a Winner 2014 News & Documentary Emmy Awards, Outstanding Investigative Journalism - Long Form
|
| 586 |
|
|
|a Winner 2014 News & Documentary Emmy Awards, Best Documentary
|
| 586 |
|
|
|a Winner 2012 Sundance Film Festival Audience Award, Best Documentary Feature Film
|
| 650 |
|
0 |
|a Rape victims
|z United States.
|
| 650 |
|
0 |
|a Women soldiers
|x Crimes against
|z United States
|v Interviews.
|
| 651 |
|
0 |
|a United States
|x Armed Forces
|x Women.
|
| 650 |
|
0 |
|a Sexual harassment in the military
|z United States.
|
| 650 |
|
6 |
|a Victimes de viol
|z États-Unis.
|
| 650 |
|
6 |
|a Femmes militaires
|x Crimes contre
|z États-Unis
|v Entretiens.
|
| 650 |
|
6 |
|a Harcèlement sexuel dans les forces armées
|z États-Unis.
|
| 650 |
|
7 |
|a Armed Forces
|x Women
|2 fast
|
| 650 |
|
7 |
|a Rape victims
|2 fast
|
| 650 |
|
7 |
|a Sexual harassment in the military
|2 fast
|
| 651 |
|
7 |
|a United States
|2 fast
|1 https://id.oclc.org/worldcat/entity/E39PBJtxgQXMWqmjMjjwXRHgrq
|
| 655 |
|
0 |
|a Streaming video.
|
| 655 |
|
4 |
|a Feature films
|z United States.
|
| 655 |
|
7 |
|a documentary film.
|2 aat
|
| 655 |
|
7 |
|a Documentary films
|2 fast
|
| 655 |
|
7 |
|a Feature films
|2 fast
|
| 655 |
|
7 |
|a Internet videos
|2 fast
|
| 655 |
|
7 |
|a Interviews
|2 fast
|
| 655 |
|
7 |
|a Nonfiction films
|2 fast
|
| 655 |
|
7 |
|a Internet videos.
|2 lcgft
|
| 655 |
|
7 |
|a Documentary films.
|2 lcgft
|
| 655 |
|
7 |
|a Nonfiction films.
|2 lcgft
|
| 655 |
|
7 |
|a Feature films.
|2 lcgft
|
| 700 |
1 |
|
|a Dick, Kirby,
|e screenwriter,
|e director.
|
| 700 |
1 |
|
|a Scully, Regina Kulik,
|e producer.
|
| 700 |
1 |
|
|a Newsom, Jennifer Siebel,
|d 1974-
|e producer.
|1 https://id.oclc.org/worldcat/entity/E39PBJrGvcDrkHKQ6w6hfCYF8C
|
| 700 |
1 |
|
|a Barklow, Tanner King,
|e producer.
|
| 700 |
1 |
|
|a Ziering, Amy,
|e producer.
|
| 700 |
1 |
|
|a Wadleigh, Thaddeus,
|e director of photography.
|
| 700 |
1 |
|
|a Johnson, Kirsten,
|e director of photography.
|
| 700 |
1 |
|
|a Blush, Doug,
|e editor of moving image work.
|
| 700 |
1 |
|
|a Boonstra, Derek,
|e editor of moving image work.
|
| 710 |
2 |
|
|a Girls Club Entertainment,
|e production company.
|
| 710 |
2 |
|
|a Rise Films,
|e production company.
|
| 710 |
2 |
|
|a Independent Television Service,
|e production company.
|
| 710 |
2 |
|
|a Fork Films,
|e production company.
|
| 710 |
2 |
|
|a Cuomo Cole Productions,
|e production company.
|
| 710 |
2 |
|
|a Studio Canal+,
|e production company.
|
| 710 |
2 |
|
|a Chain Camera Pictures (Firm),
|e production company.
|
| 710 |
2 |
|
|a Ro*Co Films Educational (Firm),
|e publisher.
|
| 730 |
0 |
|
|a Independent lens (Television program)
|
| 776 |
0 |
8 |
|i DVD Version:
|t Invisible war.
|d Sausalito, Calif. : Roco Films Educational, [2012]
|w (OCoLC)805580642
|
| 856 |
4 |
0 |
|u http://proxy.library.tamu.edu/login?url=https://www.aspresolver.com/aspresolver.asp?MARC;4744854
|z Connect to this streaming video (Alexander Street Press)
|t 0
|
| 955 |
|
|
|a Alexander Street Press perpetual purchased Fall 2024 streaming video
|
| 994 |
|
|
|a 92
|b TXA
|
| 999 |
f |
f |
|s 2c6360db-5f79-4b48-a541-c6e5ec7179a1
|i b99f1003-5371-425f-abbd-481796421873
|t 0
|
| 952 |
f |
f |
|a Texas A&M University
|b College Station
|c Electronic Resources
|d Available Online
|t 0
|e UB418.W65 I585 2012
|h Library of Congress classification
|
| 998 |
f |
f |
|a UB418.W65 I585 2012
|t 0
|l Available Online
|